Statistics for 'The Wonder of You' Missing Lyrics Quiz

Click here to take the quiz!

General Stats

  • This quiz has been taken 24 times
  • The average score is 18 of 20

Answer Stats

Lyrics% Correct
That's the {wonder}
100%
That's the {wonder}
100%
That's the {wonder}
100%
The {wonder} {of} {you}
100%
The {wonder} {of} {you}
100%
The {wonder} {of} {you}
100%
When everything I do is {wrong}
96%
When no one else can {understand} me
96%
Your {love} for me is everything
91%
And when you smile, the world is {brighter}
87%
I guess I'll never know the {reason} {why}
87%
I guess I'll never know the {reason} {why}
87%
In {everything} I do
87%
You give me {strength} to carry on
87%
You touch my hand and I'm a {king}
87%
You love me {as} {you} {do}
83%
You love me {as} {you} {do}
83%
Your kiss to me is worth a {fortune}
83%
You give me hope and {consolation}
78%
And you're always there to {lend} {a} {hand}
74%

Score Distribution

Percentile by Number Answered

Percent of People with Each Score

Your Score History

You have not taken this quiz